000 005440000a22001810004500
003 MACL
005 20160604131820.0
008 160604b xxu||||| |||| 00| 0 eng d
040 _aMACL
_cMACL
041 _aHindi
082 _a910
100 _aसिंह , विक्रम
_9210
245 _aसूरज चॉदनी रात में
_cविक्रम सिंह
260 _bआकृति प्रकाशन
_c2007
_aदिल्‍ली
350 _a200
650 _aTravel
_962369
942 _cHIN
_k910
_2ddc
999 _c22076
_d22076